Regulations to protect workers from fire and explosion (Record no. 71753)
[ view plain ]
| 000 -LEADER | |
|---|---|
| fixed length control field | 01129cam a2200229 4500 |
| 001 - CONTROL NUMBER | |
| control field | WB3846-08 |
| 008 - FIXED-LENGTH DATA ELEMENTS--GENERAL INFORMATION | |
| fixed length control field | 021212n2002 000 0 eng u |
| 035 ## - SYSTEM CONTROL NUMBER | |
| System control number | (Sirsi) u120748 |
| 245 ## - TITLE STATEMENT | |
| Title | Regulations to protect workers from fire and explosion |
| 260 ## - PUBLICATION, DISTRIBUTION, ETC. | |
| Date of publication, distribution, etc. | 2002 |
| 490 ## - SERIES STATEMENT | |
| Series statement | Health and Safety Executive Press Release |
| Volume/sequential designation | 9 December 2002, (2) |
| 520 ## - SUMMARY, ETC. | |
| Summary, etc. | Dangerous Substances and Explosive Atmospheres Regulations 2002 comes into force. It will control fire and explosion risks from dangerous substances at nearly every business in the UK and gives minimum requirements for the protection of workers. A free leaflet, 'Fire and explosion, how safe is your workplace' is available from the HSE at http://www.hse.gov.uk/pubns/index.htm For the Health & Safety Executive Press Release: http://www.hse.gov.uk/pubns/index.htm |
| 590 ## - LOCAL NOTE (RLIN) | |
| Local note | WB |
| 650 ## - SUBJECT ADDED ENTRY--TOPICAL TERM | |
| Topical term or geographic name entry element | FIRE |
| 650 ## - SUBJECT ADDED ENTRY--TOPICAL TERM | |
| Topical term or geographic name entry element | DANGEROUS SUBSTANCES AND EXPLOSIVE ATMOSPHERES REGULATIONS 2002 |
| 650 ## - SUBJECT ADDED ENTRY--TOPICAL TERM | |
| Topical term or geographic name entry element | SMALL BUSINESSES |
| 650 ## - SUBJECT ADDED ENTRY--TOPICAL TERM | |
| Topical term or geographic name entry element | HAZARDOUS SUBSTANCES |
| 650 ## - SUBJECT ADDED ENTRY--TOPICAL TERM | |
| Topical term or geographic name entry element | WORKFORCE INFORMATION |
| 650 ## - SUBJECT ADDED ENTRY--TOPICAL TERM | |
| Topical term or geographic name entry element | EXPLOSIONS |
| 690 ## - LOCAL SUBJECT ADDED ENTRY--TOPICAL TERM (OCLC, RLIN) | |
| Topical term or geographic name as entry element | Health and safety |
| 9 (RLIN) | 6244 |
| 942 ## - ADDED ENTRY ELEMENTS (KOHA) | |
| Suppress in OPAC | 0 |
| Withdrawn status | Lost status | Source of classification or shelving scheme | Damaged status | Not for loan | Home library | Current library | Shelving location | Date acquired | Total Checkouts | Full call number | Barcode | Date last seen | Copy number | Price effective from | Koha item type |
|---|---|---|---|---|---|---|---|---|---|---|---|---|---|---|---|
| Dewey Decimal Classification | London | London | News article | 12/12/2002 | WB3846-08 | 120748-1001 | 06/08/2019 | 1 | 06/08/2019 | News article |